Statistics for European Countries with a Robbery Rate above the U.S.

Click here to take the quiz!

General Stats

  • This quiz has been taken 65 times
  • The average score is 4 of 5

Answers on the Map

Answers color-coded by a green-red scale on the quiz's map according to % correct below.
 

Answer Stats

HintAnswer% Correct
119UK
88%
140Spain
87%
106Portugal
78%
140Belgium
65%
88Sweden
57%

Score Distribution

Percentile by Number Answered

Percent of People with Each Score

Your Score History

You have not taken this quiz